Responses for Show #7567 - Tuesday, July 4, 2017

Jon Eisenman game 3.

Contestants

[<< previous game]

Robert D'Emilio, a writer from Ridgewood, New York

Jacob Farrell, a strategy consultant from Washington, D.C.

Jon Eisenman, an attorney from Los Angeles, California (whose 2-day cash winnings total $45,100)

[next game >>]

Jeopardy! Round responses

CHAPTER 13
(Alex: We'll give you a quote from Chapter 13 of a novel; you identify the book for us.)
COLLEGE SPORTS
"F" WORDS
CASINO ROYALE
ON JULY 4th
THE RED, WHITE & BLUE
    $200 3
Tarzan

Robert
    $200 10
Alabama (or the Crimson Tide)

Jacob
    $200 9
falafel

Jacob
    $200 8
a royal flush

Robert
    $200 20
a bicentennial

Jon
    $200 26
(Alex: By the Beatles.)

the White Album

Jacob
    $400 4
Great Expectations

Triple Stumper
    $400 11
the World Series

Jon
    $400 15
(Jacob: What is the F-hole?)
(Robert: What is the fret?)

the fingerboard

JacobRobert
Triple Stumper
    $400 7
Caesar's Palace

Jon
    $400 21
Chicago

Robert
    $400 27
a macaw

Jon
    $600 5
The Hobbit

Jon
    $600 12
the coxswain

Jacob
    $600 16
a featherweight

Jacob
    $600 1
[Jon presses his signaling device]
(Alex: You don't have to ring in.)
(Jon: Oh! Uh, [*]. ...What is [*]?)

Lake Michigan

Jon
    $600 22
Roanoke

Robert
    $600 28
Jamaica

Robert
    $800 18
The Grapes of Wrath

Jacob
    $800 13
Katie Ledecky

Jacob
    $800 17
a flotation device

Robert
    $800 2
Excalibur

Robert
    $800 23
Saladin

Jon
    $800 29
Gemini

Jon
    $1000 25
(Jon: What is The Old Man and the Sea?)

Treasure Island

Jon
Triple Stumper
    $1000 14
Wake Forest

Jacob
    $1000 19
a fusillade

Jon
    $1000 6
Royal Caribbean

Jon
    $1000 24
Entebbe

Robert
    $1000 30
Red Barber

Triple Stumper

Scores at the first commercial break (after clue 15):

Jon Jacob Robert
$3,000 $2,400 $800

Scores at the end of the Jeopardy! Round:

Jon Jacob Robert
$5,200 $4,000 $4,200

Double Jeopardy! Round responses

RODENTS OF UNUSUAL SIZE
NEW WORDS IN THE MERRIAM-WEBSTER DICTIONARY
(Alex: As of February 2017.)
INLANDER
LOOK AT THOSE CURVES
ASIAN GEOGRAPHY
1960s POP MUSIC
    $400 14
a porcupine

Jon
    $400 8
Davy Crockett

Jacob
    $400 16
a spiral

Robert
    $400 17
Honshu

Jon
    $400 28
[The end-of-round signal sounds.]

"My Girl"

Jon
    $800 13
a beaver

Jon
    $800 9
Ringling

Robert
    $800 15
(Jon: What is vanishing?)

the forgetting curve

Jon
Triple Stumper
    $800 18
(Jacob: ...What is the Strait of Aden?

the Strait of Hormuz

JonJacob
    $800 27
Frank Sinatra

Jon
    $1200 5
(Jon: What is a squirrel?)
(Alex: Be more specific.)
(Jon: What is [*]?)

a flying squirrel

Jon
    $1200 20
five-hole

Jacob
    $1200 10
Helen Gurley Brown

Robert
    $1,200 3
(Jacob: What is plane?)

projection

Jacob
    $1200 1
(Jacob: What is the Yangtze?)

the Yellow River

Jacob
Triple Stumper
    $1200 26
"In-A-Gadda-Da-Vida"

Jon
    $1600 7
the capybara

Robert
    $2,500 21
(Jacob: What is color blindness?)

face blindness

Jacob
    $1600 11
John Dillinger

Jon
    $1600 4
René Descartes

Triple Stumper
    $1600 2
Oman

Jacob
    $1600 25
The Byrds

Jon
    $2000 6
a nutria

Jon
    $2000 22
a supercentenarian

Triple Stumper
    $2000 12
Chelsea Manning

Jon
    $2000 23
(Alex: Less than a minute now.)

inequality

Jon
    $2000 19
(Robert: What is Indonesia?)

Malaysia

JacobRobert
    $2000 24
Brenda Lee

Triple Stumper

Scores at the end of the Double Jeopardy! Round:

Jon Jacob Robert
$19,600 $3,500 $6,200
(lock game)

[wagering suggestions for these scores]

Final Jeopardy! Round responses

CLASSIC CHILDREN'S LITERATURE
(Alex: [To Jon] Margaret Wise Brown's most famous book was called [*].)
JacobWhat is Eloise at the Plaza?
$2,000
RobertWhat is the Velveteen Rabbit?
$801
JonWhat is :)
$400
Goodnight Moon

Final scores:

Jon Jacob Robert
$19,200 $1,500 $5,399
3-day champion: $64,300 3rd place: $1,000 2nd place: $2,000

Game dynamics:

Coryat scores:

Jon Jacob Robert
$19,600 $7,200 $6,200
23 R
(including 1 DD),
2 W
12 R,
5 W
(including 2 DDs)
12 R,
2 W

Combined Coryat: $33,000

[game clues] [game scores] [suggest correction]

Game tape date: Unknown
The J! Archive is created by fans, for fans. Scraping, republication, monetization, and malicious use prohibited; this site may use cookies and collect identifying information. See terms. The Jeopardy! game show and all elements thereof, including but not limited to copyright and trademark thereto, are the property of Jeopardy Productions, Inc. and are protected under law. This website is not affiliated with, sponsored by, or operated by Jeopardy Productions, Inc. Join the discussion at JBoard.tv.